ბათუმის შოთა რუსთაველის სახელმწიფო უნივერსიტეტის ბიბლიოთეკა

Topology and Geometry. (ბიბ.ჩანაწერი № 35512)

000 -LEADER
fixed length control field 00599nam a2200229Ia 4500
001 - CONTROL NUMBER
control field 1373
003 - CONTROL NUMBER IDENTIFIER
control field GE_BSU
005 - DATE AND TIME OF LATEST TRANSACTION
control field 20210309143233.0
008 - FIXED-LENGTH DATA ELEMENTS--GENERAL INFORMATION
fixed length control field 181216s1993||||enk|||||||||||||| ||eng||
020 ## - INTERNATIONAL STANDARD BOOK NUMBER
International Standard Book Number 9781441931030
040 ## - CATALOGING SOURCE
Transcribing agency GE_BSU
041 ## - LANGUAGE CODE
Language code of text/sound track or separate title eng
080 ## - UNIVERSAL DECIMAL CLASSIFICATION NUMBER
Universal Decimal Classification number 515.1 + 514 B-85
100 ## - MAIN ENTRY--PERSONAL NAME
Personal name Bredon, Glen E.
9 (RLIN) 10401
245 ## - TITLE STATEMENT
Title Topology and Geometry.
Statement of responsibility, etc. Bredon, Glen E.
264 ## - PRODUCTION, PUBLICATION, DISTRIBUTION, MANUFACTURE, AND COPYRIGHT NOTICE
Place of production, publication, distribution, manufacture New York:
Name of producer, publisher, distributor, manufacturer Springer,
Date of production, publication, distribution, manufacture, or copyright notice 1993.
300 ## - PHYSICAL DESCRIPTION
Extent 553 p.
Other physical details 24 cm.
653 ## - INDEX TERM--UNCONTROLLED
keyword Topology and Geometry
653 ## - INDEX TERM--UNCONTROLLED
keyword ტოპოლოგია
653 ## - INDEX TERM--UNCONTROLLED
keyword გეომეტრია
942 ## - ADDED ENTRY ELEMENTS (KOHA)
Koha item type წიგნი
Source of classification or shelving scheme
ეგზემპლარები
Withdrawn status Lost status Source of classification or shelving scheme Damaged status Not for loan Permanent Location Current Location Shelving location Date acquired Cost, normal purchase price Full call number Barcode Date last seen Copy number Price effective from Koha item type Public note
          ბათუმის შოთა რუსთაველის სახელმწიფო უნივერსიტეტის მთავარი ბიბლიოთეკა ბათუმის შოთა რუსთაველის სახელმწიფო უნივერსიტეტის მთავარი ბიბლიოთეკა წიგნის კალათა 2018-12-17 220.00 515.1 + 514 B-85 2588 2018-12-17 2588 2018-12-17 წიგნი 220 ლ.
          ბათუმის შოთა რუსთაველის სახელმწიფო უნივერსიტეტის მთავარი ბიბლიოთეკა ბათუმის შოთა რუსთაველის სახელმწიფო უნივერსიტეტის მთავარი ბიბლიოთეკა წიგნსაცავი 2018-12-17 220.00 515.1 + 514 B-85 2607 2018-12-17 2607 2018-12-17 წიგნი 220 ლ.